000 00288nam a2200121Ia 4500
005 20251222142006.0
008 251222s9999||||xx |||||||||||||| ||spa||
082 _a370.112/E26
100 _aPrades López, Javier
245 0 _aEducación para La Libertad
264 _bs.e.
942 _cLIB
999 _c10171
_d10171